| 000 | 00477nam a22001817a 4500 | ||
|---|---|---|---|
| 999 |
_c525728 _d525728 |
||
| 003 | NUST | ||
| 005 | 20190704060816.0 | ||
| 038 | _aFaiza | ||
| 082 |
_a891.421 _bFAQ |
||
| 100 |
_aFaqeer Muhammad Faqeer _916667 |
||
| 245 |
_aDiwy Thaly / _cFaqeer Muhammad Faqeer |
||
| 260 |
_aLahore: _bBazam e Faqeer, _c1997. |
||
| 300 | _a160p. ; | ||
| 500 | _ahard Cover | ||
| 880 |
_6100-01\r _aفقیر محمد فقیر |
||
| 880 |
_6245-02\r _aدِیوے تھلّے |
||
| 942 |
_2ddc _cBK |
||